01110cam a22002891a 4500001001300000003000400013005001700017008004100034010001700075035002000092040005000112043001200162050002600174082001000200100002000210245004600230260007600276300003100352490006100383500005100444500014000495650003400635650002900669651003900698830006600737999001700803l 52000182 DLC20260227111543.0880218r1952uuuudcub f000 0 eng c al 52000182  a(OCoLC)17499349 aU.S. Dept. of Labor. LibrarycInLPdInLPdDLC an-us-sc00aHD8051b.A62 no. 1100 a331.81 aSmith, M. Mead.10aLabor and the Savannah River AEC project. aWashington, D.C. :bFor sale by the Supt. of Docs., U.S. G.P.O.,c1952. aiv, 41 p. :bmap ;c26 cm.1 aBulletin / United States Department of Labor ;vno. 1100 a"The study was made by M. Mead Smith"--P. iii. a"Appeared first as a series of four articles in the June, July, August, and September 1952 issues of the Monthly labor review"--P. iii. 0aLabor unionszSouth Carolina. 0aHousingzSouth Carolina. 0aSouth CarolinaxSocial conditions. 0aBulletin (United States. Bureau of Labor Statistics) ;v1100. c36787d36787